Taidan Nihon jinzai ron /
Disimpan dalam:
| Pengarang Utama: | |
|---|---|
| Format: | Buku |
| Bahasa: | Japanese |
| Diterbitkan: |
Tōkyō :
Sankei Shuppan,
1979.
|
| Subjek-subjek: | |
| Penanda-penanda: |
Tambah Penanda
Tiada Penanda, Jadilah orang pertama menanda rekod ini!
|
| LEADER | 01005nam a2200313 i 4500 | ||
|---|---|---|---|
| 001 | 007785263-X | ||
| 005 | 20024617115958.0 | ||
| 008 | 900119s1979 ja c 000 0 jpn | ||
| 010 | |a 79812022 /J | ||
| 015 | |a Ja79-9735 | ||
| 035 | 0 | |a ocm29342055 | |
| 035 | 0 | |a ocm23314102 | |
| 040 | |a DLC |c MiU |d OCoLC |d *YNH* |d CStRLIN | ||
| 050 | 0 | 0 | |a HN730.Z9 |b E422 |
| 100 | 1 | |6 880-01 |a Aida, Yūji, |d 1916-1997. | |
| 245 | 1 | 0 | |6 880-02 |a Taidan Nihon jinzai ron / |c Aida Yūji. |
| 246 | 3 | 0 | |6 880-03 |a Nihon jinzai ron |
| 260 | |6 880-04 |a Tōkyō : |b Sankei Shuppan, |c 1979. | ||
| 300 | |a 246 p. : |b ports. ; |c 19 cm. | ||
| 650 | 0 | |a Elite (Social sciences) |z Japan. | |
| 650 | 0 | |a Leadership. | |
| 651 | 0 | |a Japan |x Social conditions |y 1945- | |
| 650 | 0 | |a National characteristics, Japanese. | |
| 880 | 1 | |6 100-01 |a 会田雄次, |d 1916- | |
| 880 | 1 | 0 | |6 245-02 |a 対談日本人材論 / |c 会田雄次. |
| 880 | 3 | 0 | |6 246-03 |a 日本人材論 |
| 880 | |6 260-04 |a 東京 : |b サンケイ出版, |c 1979. | ||
| 988 | |a 20021214 | ||
| 906 | |0 DLC | ||


